Statistics for NFL Season Awards (from 2000)

Click here to take the quiz!

General Stats

  • This quiz has been taken 73 times
  • The average score is 102 of 176

Answer Stats

YearAwardAnswer% Correct
2003Super Bowl MVPTom Brady
98%
2017MVPTom Brady
98%
2007OPOYTom Brady
98%
2010MVPTom Brady
98%
2010OPOYTom Brady
98%
2020Super Bowl MVPTom Brady
98%
2001Super Bowl MVPTom Brady
98%
2007MVPTom Brady
98%
2014Super Bowl MVPTom Brady
98%
2016Super Bowl MVPTom Brady
98%
2020MVPAaron Rodgers
95%
2014MVPAaron Rodgers
95%
2011MVPAaron Rodgers
95%
2021MVPAaron Rodgers
95%
2010Super Bowl MVPAaron Rodgers
95%
2021Super Bowl Champion (team)Los Angeles Rams
93%
2004Super Bowl Champion (team)New England Patriots
93%
2003Super Bowl Champion (team)New England Patriots
93%
2016Super Bowl Champion (team)New England Patriots
93%
2014Super Bowl Champion (team)New England Patriots
93%
2001Super Bowl Champion (team)New England Patriots
93%
2018Super Bowl Champion (team)New England Patriots
93%
2002Super Bowl Champion (team)Tampa Bay Buccaneers
93%
2020Super Bowl Champion (team)Tampa Bay Buccaneers
93%
2002Super Bowl MVPDexter Jackson
89%
2019Super Bowl Champion (team)Kansas City Chiefs
89%
2019MVPLamar Jackson
89%
2018MVPPatrick Mahomes
89%
2018OPOYPatrick Mahomes
89%
2019Super Bowl MVPPatrick Mahomes
89%
2021Super Bowl MVPCooper Kupp
88%
2021OPOYCooper Kupp
88%
2017Super Bowl Champion (team)Philadelphia Eagles
88%
2012Super Bowl Champion (team)Baltimore Ravens
86%
2000Super Bowl Champion (team)Baltimore Ravens
86%
2011Super Bowl MVPEli Manning
86%
2007Super Bowl MVPEli Manning
86%
2013OPOYPeyton Manning
86%
2004OPOYPeyton Manning
86%
2013MVPPeyton Manning
86%
2004MVPPeyton Manning
86%
2009MVPPeyton Manning
86%
2008MVPPeyton Manning
86%
2006Super Bowl MVPPeyton Manning
86%
2003MVPPeyton Manning / Steve McNair
86%
2021DPOYTJ Watt
86%
2015Super Bowl Champion (team)Denver Broncos
84%
2012DPOYJJ Watt
84%
2014DPOYJJ Watt
84%
2015DPOYJJ Watt
84%
2007Super Bowl Champion (team)New York Giants
84%
2011Super Bowl Champion (team)New York Giants
84%
2005Super Bowl Champion (team)Pittsburgh Steelers
84%
2008Super Bowl Champion (team)Pittsburgh Steelers
84%
2002Coach of the YearAndy Reid
82%
2018DPOYAaron Donald
80%
2017DPOYAaron Donald
80%
2020DPOYAaron Donald
80%
2014DROYAaron Donald
80%
2010Coach of the YearBill Belichick
80%
2003Coach of the YearBill Belichick
80%
2007Coach of the YearBill Belichick
80%
2011OPOYDrew Brees
80%
2009Super Bowl MVPDrew Brees
80%
2008OPOYDrew Brees
80%
2010Super Bowl Champion (team)Green Bay Packers
80%
2006Super Bowl Champion (team)Indianapolis Colts
80%
2009Super Bowl Champion (team)New Orleans Saints
79%
2005Coach of the YearLovie Smith
77%
2013Super Bowl MVPMalcolm Smith
77%
2008Coach of the YearMike Smith
77%
2003OPOYJamal Lewis
75%
2009Coach of the YearMarvin Lewis
75%
2000Super Bowl MVPRay Lewis
75%
2000DPOYRay Lewis
75%
2003DPOYRay Lewis
75%
2013Super Bowl Champion (team)Seattle Seahawks
75%
2021OROYJa'Marr Chase
73%
2004OROYBen Roethlisberger
71%
2009OPOYChris Johnson
71%
2018Super Bowl MVPJulian Edelman
71%
2016OPOYMatt Ryan
71%
2008OROYMatt Ryan
71%
2016MVPMatt Ryan
71%
2015Super Bowl MVPVon Miller
70%
2011DROYVon Miller
70%
2015OPOYCam Newton
68%
2015MVPCam Newton
68%
2011OROYCam Newton
68%
2017Super Bowl MVPNick Foles
68%
2012Super Bowl MVPJoe Flacco
66%
2012OPOYAdrian Peterson
59%
2007OROYAdrian Peterson
59%
2012MVPAdrian Peterson
59%
2008DPOYJames Harrison
59%
2001MVPKurt Warner
59%
2015DROYMarcus Peters
59%
2001OROYAnthony Thomas
57%
2021DROYMicah Parsons
57%
2019OPOYMichael Thomas
57%
2006OPOYLadainian Tomlinson
55%
2006MVPLadainian Tomlinson
55%
2011Coach of the YearJim Harbaugh
52%
2019Coach of the YearJohn Harbaugh
52%
2005Super Bowl MVPHines Ward
50%
2017Coach of the YearSean McVay
50%
2004DPOYEd Reed
48%
2020OPOYDerrick Henry
46%
2008Super Bowl MVPSantonio Holmes
46%
2005MVPShaun Alexander
46%
2005OPOYShaun Alexander
46%
2020OROYJustin Herbert
43%
2002OPOYPriest Holmes
43%
2014OPOYDemarco Murray
41%
2006DPOYJason Taylor
41%
2016DROYJoey Bosa
41%
2019OROYKyler Murray
41%
2019DROYNick Bosa
41%
2019DPOYStephon Gilmore
41%
2000OPOYMarshall Faulk
39%
2001OPOYMarshall Faulk
39%
2000MVPMarshall Faulk
39%
2020DROYChase Young
38%
2016Coach of the YearJason Garrett
38%
2010DPOYTroy Polamalu
38%
2006OROYVince Young
38%
2005OROYCadillac Williams
36%
2006Coach of the YearSean Payton
36%
2016OROYDak Prescott
34%
2014OROYOdell Beckham Jr.
34%
2012Coach of the YearBruce Arians
32%
2014Coach of the YearBruce Arians
32%
2004Super Bowl MVPDeion Branch
32%
2001DPOYMichael Strahan
32%
2002MVPRich Gannon
32%
2018OROYSaquon Barkley
32%
2021Coach of the YearMike Vrabel
30%
2020Coach of the YearKevin Stefanski
29%
2012OROYRobert Griffin III
29%
2011DPOYTerrell Suggs
27%
2003DROYTerrell Suggs
27%
2017OPOYTodd Gurley
25%
2015OROYTodd Gurley
25%
2017OROYAlvin Kamara
23%
2009DPOYCharles Woodson
23%
2007DPOYBob Sanders
21%
2000DROYBrian Urlacher
21%
2005DPOYBrian Urlacher
21%
2013Coach of the YearRon Rivera
21%
2015Coach of the YearRon Rivera
21%
2002DPOYDerrick Brooks
20%
2016DPOYKhalil Mack
20%
2012DROYLuke Kuechly
20%
2013DPOYLuke Kuechly
20%
2000OROYMike Anderson
18%
2017DROYMarshon Lattimore
16%
2018Coach of the YearMatt Nagy
16%
2013OROYEddie Lacy
14%
2010DROYNdamukong Suh
13%
2018DROYDarius Leonard
11%
2010OROYSam Bradford
11%
2003OROYAnquan Boldin
9%
2002DROYJulius Peppers
9%
2004Coach of the YearMarty Schottenheimer
9%
2007DROYPatrick Willis
9%
2002OROYClinton Portis
5%
2005DROYShawne Merriman
5%
2008DROYJerod Mayo
4%
2009OROYPercy Harvin
4%
2006DROYDemeco Ryans
2%
2009DROYBrian Cushing
0%
2001Coach of the YearDick Jauron
0%
2000Coach of the YearJim Haslett
0%
2004DROYJonathan Vilma
0%
2001DROYKendrell Bell
0%
2013DROYSheldon Richardson
0%

Score Distribution

Percentile by Number Answered

Percent of People with Each Score

Your Score History

You have not taken this quiz